Biblioteca

Profit at the bottom of the ladder : (Registro nro. 63812)

Detalles MARC
000 -LÍDER
Campo fijo de descripción fija 01761cam a2200337 i 4500
001 - NÚMERO DE CONTROL
Campo de control 768714001
003 - IDENTIFICADOR DEL NÚMERO DE CONTROL
Campo de control CO-MdFUSB
005 - FECHA Y HORA DE LA ULTIMA TRANSACCIÓN
control field 20211109144226.0
007 - CAMPO FIJO DE DESCRIPCIÓN FIJA--INFORMACIÓN GENERAL
Campo fijo de descripción fija ta
008 - ELEMENTOS DE LONGITUD FIJA -- INFORMACIÓN GENERAL
Campo fijo de descripción fija -- Información general 090929t2010 mau b 001 0 eng
020 ## - NÚMERO INTERNACIONAL NORMALIZADO PARA LIBROS
Número Internacional Normalizado del libro 9781422123119
040 ## - FUENTE DE CATALOGACIÓN
Agencia de catalogación original CO-MdFUSB
Agencia que realiza la transcripción CO-MdFUSB
Agencia que realiza la modificación DLC
Idioma de catalogación spa
Convenciones de la descripción rda
041 ## - CÓDIGO DE IDIOMA
Código de idioma para texto/pista de sonido o título separado eng
082 00 - NÚMERO DE CLASIFICACIÓN DECIMAL DEWEY
Número de clasificación G 658.3
Número de la edición del Dewey 22
Clave de autor-Numero de item H618h
100 1# - ASIENTO PRINCIPAL--NOMBRE PERSONAL
Nombre personal Heymann, Jody,
Fechas asociadas con el nombre 1959-
Término relacionador autor
245 10 - TÍTULO
Título del Material Profit at the bottom of the ladder :
Parte restante del título - Subtitulo creating value by investing in your workforce
Mención de responsabilidad, etc. / Jody Heymann , Magda Barrera.
264 #1 - PRODUCCIÓN, PUBLICACIÓN, DISTRIBUCIÓN, MANUFACTURA, Y COPYRIGHT
Lugar de producción, publicación, distribución, manufactura Boston, Mass. :
Nombre del productor, publicador, distribuidor Harvard Business Press,
Fecha de producción, publicación, distribución, manufactura, o copyright [2010]
264 #4 - PRODUCCIÓN, PUBLICACIÓN, DISTRIBUCIÓN, MANUFACTURA, Y COPYRIGHT
Fecha de producción, publicación, distribución, manufactura, o copyright © 2010
300 ## - DESCRIPCIÓN FÍSICA
Extensión 268 páginas ;
Dimensiones 25 cm.
336 ## - TIPO DE CONTENIDO
Fuente rdacontent
Término de tipo de contenido texto
Código de tipo de contenido txt
337 ## - TIPO DE MEDIO
Fuente rdamedia
Nombre del tipo de medio sin mediación
Código del tipo de medio n
338 ## - TIPO DE SOPORTE
Fuente rdacarrier
Nombre del tipo de soporte volumen
Código Tipo de soporte nc
504 ## - NOTA DE BIBLIOGRAFÍA, ETC.
Nota de bibliografía, etc Incluye referencias bibliográficas e índice.
505 ## - NOTA DE CONTENIDO
Nota de contenido con formato preestablecido Brindar a todos los empleados más que un salario digno - Encontrar formas de hacer que la flexibilidad de programación sea factible y rentable - Aumentar la productividad y confiabilidad invirtiendo en atención médica - Construir activos: garantizar que los empleados de nivel más bajo no se queden atrás - Oferta capacitación donde se valora más - Establecer trayectorias profesionales para que los empleados de bajo nivel asciendan en la escala corporativa - Involucrar a los empleados en las ganancias de la empresa y las suyas propias - Obtener beneficios de las inversiones en la comunidad - Crear buenas condiciones de trabajo en todo el suministro cadena: desarrollo de un plan para cambiar empresas y vidas.
563 ## - NOTA DE ENCUADERNACIÓN
Nota de encuadernación Rústico
653 ## - TÉRMINO DE INDIZACIÓN - NO CONTROLADO
Término no controlado Gestión de personal - Estados Unidos.
700 1# - ASIENTO SECUNDARIO - NOMBRE PERSONAL
Nombre personal Barerra, Magda.
Responsabilidad autor
942 ## - TIPO DE MATERIAL (KOHA)
Tipo de Item KOHA Libros General
945 ## - INFORMACIÓN LOCAL DEL REGISTRO
Catalogador JTF-925
Existencias
Estado de Material Estado de Perdido Forma de Clasificación Estado de Dañado No para Préstamo Colección Biblioteca de Origen Biblioteca Permanente Fecha de Adquisición Total de Préstamos Total de Renovaciones Signatura Topográfica Código de Barras Última vez visto Última vez Préstado Ejemplar/Existencia Fecha de Remplazo Tipo de Material
    Dewey Decimal Classification     Colección TID Biblioteca FUSBC Biblioteca FUSBC 07/02/2017 2 8 G 658.3 H618h 21968 25/10/2021 08/01/2020 Ej. 1 07/02/2017 Libros General

Biblioteca FUSBC | Teléfono: (57+4) 349 88 10 Ext. 141| WhatsApp (+57) 3005338115 
E-mail: biblioteca@unisbc.edu.co | Calle 76 87-14 Robledo Palenque, Medellín, Colombia

Con tecnología Koha